000 01118nam a22002657a 4500
005 20170124103110.0
010 _aB-233277
020 _c250.00
_a8180950328
035 _aB-233277
037 _bCen Lib/Ret
040 _aDPL
_bHN
082 _a230.91
_bनौटिया
100 _aनौटियाम, शिवानन्द
_979288
245 _aकैलास-मानसरोवर /
_cशिवानन्द नौटियाल
246 _aKailas-mansarover /
_bby Shivanand Nautiyal
260 _aदिल्ली
_bअक्षरम
_c2007
270 _bदिल्ली
_a50, मेधा अपार्टमेंट्स, मयूर विहार-I
_e110091
300 _a224पृ.
_c20सेमी(सजिल्द)
500 _aअनुक्रमाणिका शामिल
650 _aहिन्दू - धर्म
_91413
650 _aभारत -- तीर्थ यात्रा
_979289
650 _aHindu religion
_979290
650 _aIndia - Pilgrimage
_979291
942 _2ddc
_cHN
_h230.91
_mनौटिया
999 _c118289
_d118289